000 00596nam a2200229Ia 4500
003 OSt
005 20220928113259.0
006 a|||||r|||| 00| 0
007 ta
008 220927b |||||||| |||| 00| 0 eng d
024 _a135424
037 _cTextual
040 _aSDCL
_cSDCL
_beng
041 _2eng
_aeng
082 _aRxM61:g, L2
100 _aHaldar M K
_9402720
245 0 _aStudies in whitehead's cosmology.
260 _aDelhi
_bAtma Ram & Sons
_c1972
300 _avi,206p.
_ccm.
942 _hRxM61:g, L2
_cTEXL
_2CC
999 _c748759
_d748759